[Event "MrDodgy Online Inv Gp-B 3rd"]
[Site "Chess.com INT"]
[Date "2022.11.26"]
[Round "6"]
[White "Lagarde, Maxime"]
[Black "Grachev, Boris V"]
[Result "1/2-1/2"]
[WhiteElo "2573"]
[BlackElo "2593"]
[PlyCount "114"]
[EventDate "2022.11.26"]
[EventType "tourn (blitz)"]
[EventRounds "15"]
[EventCountry "GER"]
[EventCategory "14"]
[SourceTitle "CBM 211 Extra"]
[Source "ChessBase"]
[SourceDate "2023.01.31"]
[SourceVersion "1"]
[SourceVersionDate "2023.01.31"]
[SourceQuality "1"]

1. b3 d5 2. Bb2 Bf5 3. e3 e6 4. Nf3 h6 5. c4 c6 6. Nc3 Nf6 7. h3 Nbd7 8. Be2 Bd6 9. d4 Qe7 10. Bd3 0-0 11. Bxf5 exf5 12. cxd5 Nxd5 13. Nxd5 cxd5 14. 0-0 Rfc8 15. Qd3 g6 16. Qb5 Nf6 17. Rac1 Qd7 18. Qxd7 Nxd7 19. Rxc8+ Rxc8 20. Rc1 Rxc1+ 21. Bxc1 g5 22. Ne1 f6 23. Nd3 Kf7 24. Kf1 Ke6 25. Ke2 h5 26. f3 h4 27. Bd2 b6 28. a4 Bc7 29. b4 a6 30. b5 axb5 31. axb5 Bd6 32. Nb2 Ba3 33. Na4 Bd6 34. Kd3 Bf8 35. Kc2 Bd6 36. Kb3 Bh2 37. Kc2 Bd6 38. Kd3 Be7 39. Be1 Bd6 40. Bf2 Bc7 41. Nc3 Nf8 42. e4 fxe4+ 43. fxe4 dxe4+ 44. Kxe4 f5+ 45. Kf3 Ng6 46. d5+ Kd6 47. Na4 Kxd5 48. Nxb6+ Bxb6 49. Bxb6 Kc4 50. Bd8 Kxb5 51. Bxg5 Kc6 52. Bxh4 Nxh4+ 53. Kf4 Nxg2+ 54. Kxf5 Kd6 55. Ke4 Ke6 56. Kd3 Nf4+ 57. Kc2 Nxh3 1/2-1/2

[Event "MrDodgy Online Inv Gp-B 3rd"]
[Site "Chess.com INT"]
[Date "2022.11.26"]
[Round "14"]
[White "Salem, AR Saleh"]
[Black "Grachev, Boris V"]
[Result "1-0"]
[WhiteElo "2677"]
[BlackElo "2593"]
[PlyCount "61"]
[EventDate "2022.11.26"]
[EventType "tourn (blitz)"]
[EventRounds "15"]
[EventCountry "GER"]
[EventCategory "14"]
[SourceTitle "CBM 211 Extra"]
[Source "ChessBase"]
[SourceDate "2023.01.31"]
[SourceVersion "1"]
[SourceVersionDate "2023.01.31"]
[SourceQuality "1"]

1. d4 d5 2. c4 e6 3. Nc3 Nf6 4. cxd5 exd5 5. Bg5 c6 6. e3 h6 7. Bh4 Bf5 8. Qb3 Qb6 9. Bxf6 gxf6 10. Kd2 Qxb3 11. axb3 Nd7 12. Nge2 Nb6 13. Ng3 Bg6 14. Bd3 Nc8 15. f4 Bxd3 16. Kxd3 Nd6 17. e4 dxe4+ 18. Ncxe4 Nxe4 19. Kxe4 Kd7 20. Rhd1 h5 21. Nf5 Re8+ 22. Kf3 a6 23. d5 Bc5 24. Rac1 b6 25. dxc6+ Kc7 26. b4 Bxb4 27. Rd7+ Kc8 28. Rc4 a5 29. Rxb4 axb4 30. Nd6+ Kb8 31. c7+ 1-0

[Event "MrDodgy Online Inv Gp-B 3rd"]
[Site "Chess.com INT"]
[Date "2022.11.26"]
[Round "12"]
[White "Svidler, Peter"]
[Black "Grachev, Boris V"]
[Result "0-1"]
[WhiteElo "2683"]
[BlackElo "2593"]
[PlyCount "94"]
[EventDate "2022.11.26"]
[EventType "tourn (blitz)"]
[EventRounds "15"]
[EventCountry "GER"]
[EventCategory "14"]
[SourceTitle "CBM 211 Extra"]
[Source "ChessBase"]
[SourceDate "2023.01.31"]
[SourceVersion "1"]
[SourceVersionDate "2023.01.31"]
[SourceQuality "1"]

1. e4 c5 2. Nf3 e6 3. d4 cxd4 4. Nxd4 Nf6 5. Nc3 Nc6 6. a3 d5 7. Bb5 Bd7 8. exd5 exd5 9. 0-0 Be7 10. h3 0-0 11. Be3 Ne5 12. Qe2 Re8 13. Rad1 a6 14. Bxd7 Qxd7 15. Bg5 Nc4 16. Qf3 Nxb2 17. Rde1 h6 18. Rxe7 Qxe7 19. Nxd5 Qe4 20. Bxf6 Qxf3 21. Nxf3 gxf6 22. Nxf6+ Kg7 23. Nxe8+ Rxe8 24. Rb1 Nc4 25. a4 b6 26. Rb4 Rc8 27. Kf1 a5 28. Rb3 Re8 29. Rb5 Re4 30. c3 Na3 31. Rxb6 Rxa4 32. Nd4 Nc4 33. Nf5+ Kg8 34. Rxh6 Ra1+ 35. Ke2 Ra2+ 36. Kd3 Ne5+ 37. Ke4 Ng6 38. h4 Rxf2 39. g3 a4 40. h5 Rxf5 41. Kxf5 Kg7 42. hxg6 Kxh6 43. gxf7 Kg7 44. Ke6 Kf8 45. g4 a3 46. g5 a2 47. g6 a1Q 0-1

[Event "RUS-chT Blitz"]
[Site "Sochi"]
[Date "2022.10.17"]
[Round "8.1"]
[White "Grachev, Boris V"]
[Black "Chigaev, Maksim"]
[Result "1/2-1/2"]
[WhiteElo "2593"]
[BlackElo "2637"]
[PlyCount "54"]
[EventDate "2022.10.17"]
[EventType "team-swiss (blitz)"]
[EventRounds "13"]
[EventCountry "RUS"]
[SourceTitle "CBM 210 Extra"]
[Source "ChessBase"]
[SourceDate "2022.11.30"]
[SourceVersion "1"]
[SourceVersionDate "2022.11.30"]
[SourceQuality "1"]
[WhiteTeam "Moscow ShSM"]
[BlackTeam "Krasnoyarsk Enisey"]
[WhiteTeamCountry "RUS"]
[BlackTeamCountry "RUS"]

1. d4 Nf6 2. Nf3 g6 3. Bf4 Bg7 4. c3 0-0 5. Nbd2 d6 6. e4 Nc6 7. Be2 Qe8 8. h3 Nd7 9. 0-0 e5 10. dxe5 Ndxe5 11. Re1 Bd7 12. Nxe5 Nxe5 13. Nc4 Nxc4 14. Bxc4 Be6 15. Bd5 Qb5 16. Qb3 Qxb3 17. axb3 Bxd5 18. exd5 Bf6 19. Bh6 Rfd8 20. b4 a6 21. Re4 Bg7 22. Bxg7 Kxg7 23. Rae1 Kf8 24. Re7 Re8 25. Rxe8+ Rxe8 26. Rxe8+ Kxe8 27. f4 f5 1/2-1/2